| 000 | 00703nmm a2200241 a 4500 | ||
|---|---|---|---|
| 003 | AR-X00000XY | ||
| 005 | 20251128211949.0 | ||
| 008 | 137020s2007 ||||||||||||||000 | spa|| | ||
| 040 | _cAR-X00000XY | ||
| 111 | 2 |
_aMartín Fierro: contrapunto...y más _d2007 _cBuenos Aires, Argentina |
|
| 245 | 1 | 0 |
_aMartín Fierro _bcontrapunto...y más |
| 260 |
_aBuenos Aires _bFundación El Libro _c2007 |
||
| 300 | 0 |
_a23 p. _bil. |
|
| 500 | 0 | _aCatálogo de la muestra "Martín Fierro" | |
| 650 | 4 | _aLITERATURA FOLKLORICA | |
| 650 | 4 | _aLITERATURA ARGENTINA | |
| 650 | 4 | _aDIBUJO | |
| 650 | 4 | _aILUSTRACIONES | |
| 653 | 0 | _aLITERATURA GAUCHESCA | |
| 653 | 0 | _aARTE ARGENTINO | |
| 942 | _cBK | ||
| 998 | _cNancy | ||
| 999 |
_c21817 _d21817 |
||